MARC

LEADER 00000nam0a2200000 4500
001 134572
005 20250519115301.0
035 |a (RuTPU)RU\TPU\book\145876 
090 |a 134572 
100 |a 20080401d1982 m y0rusy50 ca 
101 0 |a rus 
102 |a RU 
105 |a a z 001zb 
200 1 |a Гроссмейстер Полугаевский  |f сост. Я. В. Дамский 
210 |a Москва  |c Физкультура и спорт  |d 1982 
215 |a 304 с.  |c ил. 
225 1 |a Выдающиеся шахматисты мира 
333 |a Исключено из фонда НТБ ТПУ 
600 1 |a Полугаевский  |b Л. А.  |c советский шахматист, международный гроссмейстер  |c шахматный теоретик  |f 1934-1995  |g Лев Абрамович  |2 stltpush  |3 (RuTPU)RU\TPU\pers\23122  |9 9954 
610 1 |a шахматы 
610 1 |a шахматисты 
610 1 |a гроссмейстеры 
610 1 |a творческие биографии 
610 1 |a шахматные партии 
675 |a 794.1  |v 3 
702 1 |a Дамский  |b Я. В.  |g Яков Владимирович  |4 220 
801 1 |a RU  |b 63413507  |c 20080401  |g PSBO 
801 2 |a RU  |b 63413507  |c 20081223  |g PSBO 
850 |a 63413507 
942 |c BK